[Event "2008 Standard Chess Dropout Tournament, Round 1"]
[Site "SchemingMind.com"]
[Date "2007.11.18"]
[Round "1"]
[White "palaciorep"]
[Black "willygor"]
[Result "1/2-1/2"]
[WhiteCountry "ARG"]
[BlackCountry "ARG"]
[WhiteElo "1635"]
[WhiteRD "72"]
[BlackElo "1754"]
[BlackRD "82"]
[GameID "128826"]

1. e4 c5 2. Nf3 Nc6 3. a3 d6 4. Bb5 Bd7 5. Bxc6 Bxc6 6. Nc3 g6 7. d3 Bg7 8. Bd2 e6 9. O-O Ne7 10. Qc1 O-O
11. Bh6 f5 12. Bxg7 Kxg7 13. Ng5 Qd7 14. f3 h6 15. Nh3 e5 16. exf5 Nxf5 17. Qe1 Nd4 18. Qd2 Rf6 19. Ne4 Rf7 20. Rf2 Raf8
21. Raf1 b6 22. c3 Ne6 23. b4 d5 24. Ng3 Nf4 25. Nxf4 exf4 26. Ne2 Re7 27. Nxf4 Qf5 28. Ne2 Rfe8 29. Ng3 Qd7 30. h3 d4
31. c4 Qc7 32. Ne4 Bxe4 33. fxe4= Qe5 34. b5=
1/2-1/2

[Event "2008 Standard Chess Dropout Tournament, Round 1"]
[Site "SchemingMind.com"]
[Date "2007.11.13"]
[Round "1"]
[White "PankracyRozumek"]
[Black "Adunatos"]
[Result "0-1"]
[WhiteCountry "POL"]
[BlackCountry "NED"]
[WhiteElo "1882"]
[WhiteRD "82"]
[BlackElo "2283"]
[BlackRD "66"]
[GameID "128827"]

1. e4 c5 2. Nf3 d6 3. d4 cxd4 4. Nxd4 Nf6 5. Nc3 a6 6. Be3 e5 7. Nb3 Be7 8. f3 Be6 9. Qd2 h5 10. O-O-O Nbd7
11. Kb1 Rc8 12. Nd5 Bxd5 13. exd5 Nb6 14. Qa5 Nc4 15. Bxc4 Rxc4 16. Qd2 Qc7 17. h3 O-O 18. g4 h4 19. g5 Nh5 20. Rhg1 Rc8
21. c3 Nf4 22. Bxf4 Rxf4 23. Qe3 Qd7 24. Rg4 Qf5+ 25. Qd3 Qxd3+ 26. Rxd3 Rxg4 27. hxg4 Bxg5 28. Nd2 Bxd2 29. Rxd2 Rc4 30. Kc2 Rf4
31. Rf2 e4 32. Kd2 g5 33. Ke3 exf3 34. c4 Rxg4
0-1

[Event "2008 Standard Chess Dropout Tournament, Round 1"]
[Site "SchemingMind.com"]
[Date "2007.11.18"]
[Round "1"]
[White "pawngrabber"]
[Black "mikewharvey"]
[Result "1-0"]
[WhiteCountry "ENG"]
[BlackCountry "GBR"]
[WhiteElo "1907"]
[WhiteRD "72"]
[BlackElo "1713"]
[BlackRD "90"]
[GameID "128828"]

1. d4 d5 2. c4 h6 3. Nc3 dxc4 4. e4 e6 5. Bxc4 c6 6. Nf3 Nf6 7. O-O Bb4 8. Re1 O-O 9. a3 Ba5 10. b4 Bb6
11. e5 Nd5 12. Ne4 Bc7 13. Qd3 Nd7 14. Bd2 b6 15. Bb3 Bb7 16. Neg5 g6 17. Nxe6 fxe6 18. Qxg6+ Kh8 19. Qxh6+ Kg8 20. Qg6+ Kh8
21. Re4 Rxf3 22. Qh6+ Kg8 23. Rg4+ Kf7 24. Rg7+ Ke8 25. Qg6+ Kf8 26. Rg8+ Ke7 27. Bg5+ N7f6 28. Qg7#
1-0

[Event "2008 Standard Chess Dropout Tournament, Round 1"]
[Site "SchemingMind.com"]
[Date "2007.11.18"]
[Round "1"]
[White "Dan Geana"]
[Black "Argeon"]
[Result "1-0"]
[WhiteCountry "ROU"]
[BlackCountry "BEL"]
[WhiteElo "2275"]
[WhiteRD "103"]
[BlackElo "2019"]
[BlackRD "84"]
[GameID "128829"]

1. e4 e5 2. Nf3 Nc6 3. Bb5 Bc5 4. c3 Nf6 5. O-O Nxe4 6. Qe2 Bxf2+ 7. Kh1 d5 8. d3 Ng3+ 9. hxg3 Bxg3 10. Bg5 Qd6
11. c4 dxc4 12. Bxc6+ bxc6 13. d4 Bg4 14. dxe5 Qd3 15. Nc3 Rb8 16. Qxd3 cxd3 17. b3 h6 18. Be3 Rd8 19. Ne4 Bxf3 20. Rxf3 Bxe5
21. Rd1 O-O 22. Bxa7 Rd5 23. Bg1 Ra8 24. a4 Rad8 25. Rd2 g5 26. Nf2 g4 27. Nxg4 Bc3 28. Rd1 Bg7 29. Bh2 R8d7 30. Bf4 Rh5+
31. Kg1 Bd4+ 32. Be3 Bg7 33. Rg3 Kh7 34. Bxh6 Bb2 35. Bc1 Bd4+ 36. Be3 Be5 37. Nxe5 Rxe5 38. Kf2
1-0

[Event "2008 Standard Chess Dropout Tournament, Round 1"]
[Site "SchemingMind.com"]
[Date "2007.11.17"]
[Round "1"]
[White "pjl1015"]
[Black "Dr_Pat"]
[Result "1-0"]
[WhiteCountry "USA"]
[BlackCountry "USA"]
[WhiteElo "2323"]
[WhiteRD "112"]
[BlackElo "1497"]
[BlackRD "44"]
[GameID "128830"]

1. d4 Nf6 2. Bf4 g6 3. c4 Bg7 4. Nc3 d6 5. e4 e5 6. dxe5 Nh5 7. Be3 Bxe5 8. Qd2 O-O 9. Nf3 Re8 10. Nxe5 Rxe5
11. Be2 Nf6 12. Bg5 c5 13. f4
1-0

[Event "2008 Standard Chess Dropout Tournament, Round 1"]
[Site "SchemingMind.com"]
[Date "2007.11.13"]
[Round "1"]
[White "mmccaffe"]
[Black "Ryan"]
[Result "1-0"]
[WhiteCountry "USA"]
[BlackCountry "NED"]
[WhiteElo "1567"]
[WhiteRD "55"]
[BlackElo "1984"]
[BlackRD "105"]
[GameID "128831"]

1. e4 e5 2. Nf3 Nc6 3. Bb5 f5 4. d3 fxe4 5. dxe4 Nf6 6. Bg5 Bb4+ 7. Nc3 Bxc3+ 8. bxc3 d6 9. Bxc6+ bxc6 10. Qd3 Be6
11. O-O O-O 12. Rfd1 Qe8 13. c4 Qf7 14. c5 Bc4 15. Qe3 Ng4 16. Qd2 d5 17. h3 Nxf2 18. Nxe5 Nxe4 19. Qe3 Qh5 20. Nxc4 Qxg5
21. Qxg5 Nxg5 22. Ne5 Rf6 23. Rf1 Raf8 24. Rxf6 Rxf6 25. Rf1 Re6 26. Nf3 Nxf3+ 27. Rxf3 Re2 28. Rb3 Rxc2 29. Rb7 Rxc5 30. Rxa7 Rc2
31. Rxc7 d4 32. a4 Rc5 33. Rd7 Rd5 34. Rxd5
1-0

[Event "2008 Standard Chess Dropout Tournament, Round 1"]
[Site "SchemingMind.com"]
[Date "2007.11.18"]
[Round "1"]
[White "Quaff"]
[Black "jdcald13"]
[Result "0-1"]
[WhiteCountry "ENG"]
[BlackCountry "USA"]
[WhiteElo "1652"]
[WhiteRD "73"]
[BlackElo "1931"]
[BlackRD "46"]
[GameID "128832"]

1. e4 c5 2. Nf3 d6 3. h3 Nf6 4. Nc3 a6 5. b3 e6 6. Bb2 Be7 7. e5 dxe5 8. Nxe5 O-O 9. d3 Nbd7 10. Nxd7 Qxd7
11. Be2 b5 12. O-O Bb7 13. Bf3 Rad8 14. Bxb7 Qxb7 15. Qd2 c4 16. d4 b4
0-1

[Event "2008 Standard Chess Dropout Tournament, Round 1"]
[Site "SchemingMind.com"]
[Date "2007.11.13"]
[Round "1"]
[White "racy"]
[Black "heuschrecke"]
[Result "0-1"]
[WhiteCountry "USA"]
[BlackCountry "GER"]
[WhiteElo "1510"]
[WhiteRD "112"]
[BlackElo "2380"]
[BlackRD "96"]
[GameID "128834"]

1. e4 Nc6 2. Nc3 e5 3. Nf3 Nf6 4. Bc4 Nxe4 5. Nxe4 d5 6. Bd3 dxe4 7. Bxe4 Bd6 8. h3 Ne7 9. d3 f5 10. Bxf5 Bxf5
11. g4 Bd7 12. Be3 Bc6 13. Qe2 O-O 14. Rf1 Bxf3 15. Qd2 Nd5 16. c3 Nf4 17. Qc2 Bc5 18. Kd2 Be2 19. Rfe1 Bxd3 20. Bxf4 Bxc2+
21. Kxc2 Rxf4 22. b4 Rxf2+ 23. Kb3 Qd5+ 24. c4 Rf3+ 25. Kb2 Qd2+ 26. Kb1 Bd4 27. Rc1 Qb2#
0-1

[Event "2008 Standard Chess Dropout Tournament, Round 1"]
[Site "SchemingMind.com"]
[Date "2007.11.13"]
[Round "1"]
[White "Raimondi"]
[Black "TONYTODD11"]
[Result "1-0"]
[WhiteCountry "PER"]
[BlackCountry "ENG"]
[WhiteElo "1666"]
[WhiteRD "76"]
[BlackElo "1564"]
[BlackRD "78"]
[GameID "128835"]

1. e4 e5 2. f4 exf4 3. Nf3 Nf6 4. Nc3 Nc6 5. Bc4 d6 6. d4 Bg4 7. O-O Qd7 8. Bxf4 Bxf3 9. Rxf3 O-O-O 10. Bg5 Be7
11. Qd3 h6 12. Bh4 g5 13. Raf1 g4 14. Rxf6 Rdg8 15. Rxf7 Qe8 16. Bxe7 Nxe7 17. Rxe7 Qxe7 18. Bxg8 Rxg8 19. Nd5 Qe6 20. Rf6 Qd7
21. e5 dxe5 22. dxe5 Rd8 23. Qf5 g3 24. Qxd7+ Rxd7 25. Rf8+ Rd8 26. Rxd8+ Kxd8 27. hxg3 Kd7 28. Kf2 b5 29. Ke3 c5 30. Nf6+ Ke6
31. Ke4 a5 32. Ng4 b4 33. Nxh6 c4 34. Nf5 Kd7= 35. Kd5 c3 36. b3 Ke8 37. Kd6
1-0

[Event "2008 Standard Chess Dropout Tournament, Round 1"]
[Site "SchemingMind.com"]
[Date "2007.11.14"]
[Round "1"]
[White "Rimfaxe"]
[Black "spaccaRe"]
[Result "1-0"]
[WhiteCountry "DEN"]
[BlackCountry "ITA"]
[WhiteElo "1794"]
[WhiteRD "94"]
[BlackElo "1434"]
[BlackRD "155"]
[GameID "128838"]

1. e4 c5 2. Nf3 d6 3. d4 cxd4 4. Nxd4 Nf6 5. Nc3 a6 6. Be3 e5 7. Nb3 Be6 8. Be2 Be7 9. O-O Nbd7 10. Qd2 O-O
11. Rfd1 Rc8 12. f3 Qc7 13. Rac1 Nb6 14. Kh1 Rfd8 15. f4
1-0

[Event "2008 Standard Chess Dropout Tournament, Round 1"]
[Site "SchemingMind.com"]
[Date "2007.11.13"]
[Round "1"]
[White "Rotceh"]
[Black "tyler_ensor"]
[Result "0-1"]
[WhiteCountry "MEX"]
[BlackCountry "CAN"]
[WhiteElo "1549"]
[WhiteRD "67"]
[BlackElo "1679"]
[BlackRD "68"]
[GameID "128839"]

1. b4 e5 2. Bb2 Bxb4 3. Bxe5 Nf6 4. Nf3 d6 5. Bd4 Nc6 6. a3 Nxd4 7. axb4 Nxf3+ 8. exf3 O-O 9. Be2 Nd5 10. c3 Nf4
11. O-O Nxe2+ 12. Qxe2 Re8 13. Qc4 Bf5 14. Na3 a6 15. Rfe1 Qd7 16. Qf4 d5 17. d4 Bg6 18. Re3 Re6
0-1

[Event "2008 Standard Chess Dropout Tournament, Round 1"]
[Site "SchemingMind.com"]
[Date "2007.11.14"]
[Round "1"]
[White "Ryan"]
[Black "harsh"]
[Result "0-1"]
[WhiteCountry "NED"]
[BlackCountry "IND"]
[WhiteElo "1984"]
[WhiteRD "105"]
[BlackElo "2043"]
[BlackRD "83"]
[GameID "128840"]

1. d4 Nf6 2. c4 e6 3. Nf3 d5 4. Nc3 Bb4 5. cxd5 exd5 6. Bg5 h6 7. Bh4 c6 8. e3 g5 9. Bg3 Ne4 10. Qb3 Qa5
11. Rc1 Nxg3 12. hxg3 g4 13. Ne5 Bf5 14. a3 Bd6 15. Qxb7 Bxe5 16. dxe5 O-O 17. Qxa8 Qb6 18. Rxh6 Be6 19. Bd3 Nd7 20. Nxd5 Bxd5
21. Rhxc6 Rxa8 22. Rxb6 axb6 23. e4 Nxe5 24. Bb1 Bc4 25. Rc3 Rd8 26. f4 Nd3+ 27. Bxd3 Bxd3 28. e5 Kf8 29. a4 Be4 30. Rb3 Rd4
31. Rxb6 Rxa4 32. Kf2 Rc4 33. Rd6 Rc2+ 34. Ke3 Bxg2 35. Rd8+ Ke7 36. Rb8 Bf3 37. f5 Re2+ 38. Kd4 Re4+ 39. Kc5 Rxe5+ 40. Kb6 Rxf5
41. Ka7 Be2
0-1

[Event "2008 Standard Chess Dropout Tournament, Round 1"]
[Site "SchemingMind.com"]
[Date "2007.11.13"]
[Round "1"]
[White "saxon"]
[Black "acbrasileiro"]
[Result "1-0"]
[WhiteCountry "GER"]
[BlackCountry "BRA"]
[WhiteElo "2397"]
[WhiteRD "102"]
[BlackElo "1955"]
[BlackRD "108"]
[GameID "128841"]

1. e4 c5 2. Nf3 d6 3. d4 cxd4 4. Nxd4 Nf6 5. Nc3 a6 6. Be3 Nc6 7. f3 e5 8. Nb3 Be6 9. Nd5 Nd7 10. Qd2 Be7
11. O-O-O Bxd5 12. exd5 Na7 13. Kb1 b5 14. h4 Bxh4 15. Na5 Nc8 16. Nc6 Qf6 17. Rh3 Ne7 18. Rxh4 Qxh4 19. Bg5 Qh5 20. Bxe7 Qh6
21. Qa5 Rc8 22. Qxa6 Rxc6 23. dxc6
1-0

[Event "2008 Standard Chess Dropout Tournament, Round 1"]
[Site "SchemingMind.com"]
[Date "2007.11.18"]
[Round "1"]
[White "Schaakmaatje"]
[Black "swayne"]
[Result "1-0"]
[WhiteCountry "NED"]
[BlackCountry "ENG"]
[WhiteElo "1755"]
[WhiteRD "48"]
[BlackElo "1520"]
[BlackRD "99"]
[GameID "128842"]

1. e4 e5 2. Nf3 Nc6 3. Bc4 h6 4. O-O Bc5 5. c3 a6 6. d4 Ba7 7. dxe5 d6 8. exd6 cxd6 9. Bf4 b5 10. Bd5 Nge7
11. Bxc6+ Nxc6 12. Qxd6 Qxd6 13. Bxd6 Bd7 14. Nbd2 Bb8 15. Bxb8 Rxb8 16. Rad1 Be6 17. b3 O-O 18. Nd4 Nxd4 19. cxd4 Rbc8 20. Rc1 f6
21. f4 a5 22. Nf3 g5 23. f5 Bd7 24. Rc5 Rfe8 25. Nd2 a4 26. g4 axb3 27. axb3 b4 28. Rxc8 Bxc8 29. Kf2 Ba6 30. Re1 Kf7
31. e5 fxe5 32. Rxe5 Rxe5 33. dxe5 Bc8 34. Ke3 Ke7 35. Kd4
1-0

[Event "2008 Standard Chess Dropout Tournament, Round 1"]
[Site "SchemingMind.com"]
[Date "2007.11.14"]
[Round "1"]
[White "Silvy"]
[Black "leroipere"]
[Result "1-0"]
[WhiteCountry "ITA"]
[BlackCountry "FRA"]
[WhiteElo "2243"]
[WhiteRD "117"]
[BlackElo "1744"]
[BlackRD "128"]
[GameID "128843"]

1. d4 Nf6 2. Nf3 g6 3. Bf4 Bg7 4. e3 d6 5. h3 O-O 6. Be2 Ne4 7. Nbd2 Nxd2 8. Qxd2 b6 9. O-O Bb7 10. a4 Nd7
11. a5 h6 12. c4 c5 13. d5 Nf6 14. a6 Bc8 15. Bd3 b5 16. cxb5 Nxd5 17. Be4 e6 18. Bxd5 exd5 19. Qxd5 Be6 20. Qxd6 Bc4
21. Rfb1 Bxb5 22. Qxc5 Bd7 23. Rd1 Re8 24. Ne5 Qe7 25. Nxd7 Qxc5 26. Nxc5 Rac8 27. Ra5 Bxb2 28. Rd7 Bc3 29. Rb5 g5 30. Bg3 Be5
31. Ne4 Bxg3 32. Nxg3 Re6 33. Rxa7 Rf6 34. f3 Rc1+ 35. Kh2 Ra1 36. Ra8+ Kh7 37. a7
1-0

[Event "2008 Standard Chess Dropout Tournament, Round 1"]
[Site "SchemingMind.com"]
[Date "2007.11.18"]
[Round "1"]
[White "simon_w"]
[Black "king3012"]
[Result "0-1"]
[WhiteCountry "IRL"]
[BlackCountry "AUT"]
[WhiteElo "1892"]
[WhiteRD "85"]
[BlackElo "2404"]
[BlackRD "106"]
[GameID "128844"]

1. e4 c6 2. d4 d5 3. Nc3 dxe4 4. Nxe4 Bf5 5. Ng3 Bg6 6. h4 h6 7. Nf3 Nd7 8. h5 Bh7 9. Bd3 Bxd3 10. Qxd3 e6
11. Bf4 Qa5+ 12. Bd2 Qc7 13. O-O-O Ngf6 14. Kb1 O-O-O 15. c4 c5 16. d5 exd5 17. cxd5 Ng4 18. Rhf1 Nxf2 19. Rxf2 Qxg3 20. Be3 Bd6
21. Rc2 Kb8 22. Nd2 Nf6 23. Nc4 Bf4 24. Bxf4+ Qxf4 25. g3 Qg4 26. d6 Rhe8 27. Na5 Re3 28. Qd2 Re6 29. Rdc1 Rexd6 30. Qc3 b6
31. Nb3 Nxh5 32. Nxc5 bxc5 33. Qxc5 Ka8 34. Qg1 Rd1 35. Qg2+ Kb8
0-1

[Event "2008 Standard Chess Dropout Tournament, Round 1"]
[Site "SchemingMind.com"]
[Date "2007.11.14"]
[Round "1"]
[White "slotheman"]
[Black "ekulrac"]
[Result "0-1"]
[WhiteCountry "USA"]
[BlackCountry "SCO"]
[WhiteElo "1399"]
[WhiteRD "194"]
[BlackElo "1761"]
[BlackRD "62"]
[GameID "128845"]

1. Nf3 Nf6 2. g3 g6 3. Bg2 Bg7 4. O-O O-O 5. d3 d5 6. Nbd2 Nbd7 7. b4 c5 8. a3 Qc7 9. Bb2 b6 10. Re1 Bb7
11. c4 d4 12. bxc5 bxc5 13. e3 e5 14. a4 Rfe8 15. Ba3 e4 16. Nh4 dxe3 17. Rxe3 exd3 18. Rxd3 Bxg2 19. Kxg2 Ne5 20. Rc3 Qc6+
21. f3 Neg4 22. Bxc5 Qxc5 23. Qg1 Re2+ 24. Kf1 Rf2+ 25. Ke1 Re8+ 26. Kd1 Qd4 27. Ra2 Rxd2+ 28. Rxd2 Qxg1+ 29. Kc2 Ne3+
0-1

[Event "2008 Standard Chess Dropout Tournament, Round 1"]
[Site "SchemingMind.com"]
[Date "2007.11.14"]
[Round "1"]
[White "SpeedRacer"]
[Black "agoodhobby"]
[Result "1/2-1/2"]
[WhiteCountry "USA"]
[BlackCountry "USA"]
[WhiteElo "1672"]
[WhiteRD "108"]
[BlackElo "1593"]
[BlackRD "57"]
[GameID "128847"]

1. e4 e6 2. d4 d5 3. Nc3 Nf6 4. Bg5 Be7 5. e5 Nfd7 6. Bxe7 Qxe7 7. f4 a6 8. Nf3 c5 9. dxc5 Qxc5 10. Qd4 b6
11. b4 Qxd4 12. Nxd4 a5 13. Ncb5 O-O 14. bxa5 bxa5 15. Nd6 Ba6 16. N4b5 Bxb5 17. Bxb5 Nb6 18. a4 Nc8 19. Rb1 Nxd6 20. exd6 Rd8
21. O-O Rxd6 22. c4 dxc4 23. Bxc4 Na6 24. f5 h6 25. fxe6 fxe6 26. Rf5 Rc8 27. Bxa6 Rc2 28. Rxa5 Rdd2 29. Re5 Rxg2+ 30. Kf1 Rxh2
31. Ke1 Kf7 32. Bd3 Ra2 33. a5 g5 34. Re2 Rh1+ 35. Kf2 Rh2+ 36. Ke3 Rhxe2+ 37. Bxe2 Rxa5 38. Bh5+ Kf6 39. Kf3 e5 40. Rb6+ Kg7
41. Rg6+ Kh7 42. Ke4 Rc5 43. Kf5 e4+ 44. Kxe4 g4 45. Rxg4 Rxh5 46. Kf4 Ra5 47. Kg3 Rg5 48. Rxg5 hxg5 49. Kh3 Kg6 50. Kg4 Kh6
51. Kh3 Kh5 52. Kg3 g4 53. Kg2 Kh4 54. Kh2 g3+ 55. Kg2 Kg4 56. Kg1 Kf4 57. Kg2 Kg4 58. Kg1 Kf3 59. Kf1 g2+=
1/2-1/2

[Event "2008 Standard Chess Dropout Tournament, Round 1"]
[Site "SchemingMind.com"]
[Date "2007.11.13"]
[Round "1"]
[White "Stahp"]
[Black "Tahur"]
[Result "0-1"]
[WhiteCountry "FRA"]
[BlackCountry "ARG"]
[WhiteElo "1662"]
[WhiteRD "86"]
[BlackElo "1964"]
[BlackRD "52"]
[GameID "128848"]

1. e4 e5 2. Nf3 Nc6 3. Bc4 Bc5 4. d3 d6 5. h3 Nf6 6. Bg5 h6 7. Bh4 g5 8. Bg3 g4 9. hxg4 Bxg4 10. Bh4 Rg8
11. Nbd2 Qe7 12. Qe2 Nd4 13. Qd1 b5 14. Bb3 Bxf3 15. Nxf3 Nxb3 16. axb3 Rxg2 17. Bg3 Ng4 18. Kf1 Rxg3 19. fxg3 Ne3+
0-1

[Event "2008 Standard Chess Dropout Tournament, Round 1"]
[Site "SchemingMind.com"]
[Date "2007.11.13"]
[Round "1"]
[White "Stavrogin"]
[Black "Fred Fanelli"]
[Result "1-0"]
[WhiteCountry "GER"]
[BlackCountry "USA"]
[WhiteElo "2061"]
[WhiteRD "89"]
[BlackElo "1580"]
[BlackRD "72"]
[GameID "128849"]

1. e4 c6 2. d4 d5 3. e5 Bf5 4. Nf3 e6 5. Be2 Be7 6. O-O c5 7. Be3 c4 8. b3 b5 9. a4 Qb6 10. axb5 f6
11. bxc4 Be4 12. c5 Qc7 13. b6 Qc6 14. Rxa7 Bxc5 15. dxc5 Nd7 16. Nd4 Qb7 17. Rxb7
1-0

[Event "2008 Standard Chess Dropout Tournament, Round 1"]
[Site "SchemingMind.com"]
[Date "2007.11.15"]
[Round "1"]
[White "swayne"]
[Black "Mijical"]
[Result "1-0"]
[WhiteCountry "ENG"]
[BlackCountry "CAN"]
[WhiteElo "1561"]
[WhiteRD "100"]
[BlackElo "1531"]
[BlackRD "106"]
[GameID "128850"]

1. e4 e5 2. Nf3 Nf6 3. d3 Nc6 4. Nc3 Bc5 5. Be2 h6 6. O-O O-O 7. h3 d5 8. exd5 Nxd5 9. Nxd5 Qxd5 10. c4 Qe6
11. a3 Rd8 12. b4 Bd4 13. Nxd4 Nxd4 14. Bb2 Qg6 15. Bg4 Bxg4 16. Qxg4 Qxd3 17. c5 Ne2+ 18. Kh1 f6 19. Qe6+ Kf8 20. c6 b5
21. Qa2 Rd6 22. Rad1 Nc3 23. Bxc3 Qxc3 24. Rxd6 Qc4 25. Qxc4
1-0

[Event "2008 Standard Chess Dropout Tournament, Round 1"]
[Site "SchemingMind.com"]
[Date "2007.11.13"]
[Round "1"]
[White "Tahur"]
[Black "fishofchaos"]
[Result "1/2-1/2"]
[WhiteCountry "ARG"]
[BlackCountry "ENG"]
[WhiteElo "1898"]
[WhiteRD "54"]
[BlackElo "1791"]
[BlackRD "68"]
[GameID "128851"]

1. e4 c5 2. Nf3 e6 3. d4 cxd4 4. Nxd4 a6 5. Nc3 b5 6. Bd3 d6 7. Be3 Bb7 8. O-O Nf6 9. f3 Nbd7 10. a4 b4
11. Nce2 d5 12. exd5 Nxd5 13. Bd2 Bd6 14. h3 O-O 15. Be4 Qb6 16. a5 Qc5 17. Kh1 Bc7 18. Nb3 Qd6 19. Bf4 Nxf4 20. Qxd6 Bxd6
21. Nxf4 Bxe4 22. fxe4 Rfc8 23. Rad1 Bxf4 24. Rxf4 Nc5 25. e5 Nxb3 26. cxb3 Rc5 27. Rd7 Rf8 28. Rxb4 Rxa5 29. Re4 Rb8 30. Rf4 Rf8
31. Re4 Rb8= 32. Rb4 Rf8 33. Rbd4 Rxe5 34. Ra4 Rb5 35. Rxa6 Rxb3 36. Ra2 g6 37. Kg1 Rfb8 38. Raa7 Rf8 39. Rab7 Rxb7 40. Rxb7 Rd8
41. b4 Rd1+ 42. Kf2 Rb1 43. b5 Rb2+ 44. Kf3 Kg7 45. b6 Kf6 46. g4=
1/2-1/2

[Event "2008 Standard Chess Dropout Tournament, Round 1"]
[Site "SchemingMind.com"]
[Date "2007.11.13"]
[Round "1"]
[White "Tanis"]
[Black "NebAnphu"]
[Result "0-1"]
[WhiteCountry "CHN"]
[BlackCountry "POL"]
[WhiteElo "2073"]
[WhiteRD "78"]
[BlackElo "2145"]
[BlackRD "92"]
[GameID "128852"]

1. e4 d5 2. exd5 Qxd5 3. Nf3 Bg4 4. Be2 c6 5. d4 Nf6 6. O-O e6 7. c4 Qd8 8. Qb3 Qb6 9. Qxb6 axb6 10. Nc3 Bd6
11. Re1 Nbd7 12. a4 O-O 13. h3 Bh5 14. Bd2 h6 15. b3 Rfd8 16. Bc1 Bb4 17. Bb2 Bg6 18. Rac1 Bd6 19. g3 Bb4 20. Bf1 Bh7
21. Bg2 g5 22. Re3 Bg6 23. Ra1 Bc2 24. Ba3 Bxa3 25. Rxa3 Kg7 26. Kh2 g4 27. Ne5 gxh3 28. Bxh3 Nxe5 29. dxe5 Nd7 30. b4 Nf8
31. Ne4 Bxe4 32. Rxe4 Ng6 33. g4 Rd2 34. Kg3 Rb2 35. b5 Rb4 36. Bg2 Raxa4 37. Rxa4 Rxa4 38. f4 Ra3+ 39. Kh2 Nh4 40. Bh1 c5
41. Re2 Nf3+ 42. Kg2 Nd4 43. Rb2 Rc3 44. Kf2 Rxc4 45. Bxb7 Rb4 46. Rxb4 cxb4 47. Ke3 Nxb5 48. Kd3 Na3 49. Bf3 f6 50. Bd1 fxe5
51. fxe5 Kg6 52. Bb3 Kg5 53. Bxe6 Kf4 54. Kd4 Nc2+ 55. Kc4 Kxe5 56. Bf7 Kf6 57. Bh5 Kg5 58. Kb3 Ne3 59. Kxb4 Nxg4 60. Be8 Nf6
61. Bf7 Ne4 62. Be6 Nd6 63. Bh3 Kf4 64. Kc3 h5 65. Kd4 h4 66. Kd5 Nf5 67. Kc6 Ne3 68. Kxb6 Kg3 69. Bd7 Ng4 70. Kc5 h3
71. Kd4 h2 72. Bc6 Kf2 73. Bh1 Ne3 74. Ke4 Ng2
0-1

[Event "2008 Standard Chess Dropout Tournament, Round 1"]
[Site "SchemingMind.com"]
[Date "2007.11.13"]
[Round "1"]
[White "tardon"]
[Black "Kroll"]
[Result "0-1"]
[WhiteCountry "ESP"]
[BlackCountry "POL"]
[WhiteElo "1582"]
[WhiteRD "79"]
[BlackElo "1832"]
[BlackRD "73"]
[GameID "128853"]

1. d4 Nf6 2. c4 e6 3. Nf3 d5 4. Nc3 Be7 5. e3 O-O 6. Bd3 c5 7. O-O Nc6 8. cxd5 Nxd5 9. dxc5 Nxc3 10. bxc3 Bxc5
0-1

[Event "2008 Standard Chess Dropout Tournament, Round 1"]
[Site "SchemingMind.com"]
[Date "2007.11.14"]
[Round "1"]
[White "Theodoric"]
[Black "slotheman"]
[Result "1-0"]
[WhiteCountry "ENG"]
[BlackCountry "USA"]
[WhiteElo "1897"]
[WhiteRD "62"]
[BlackElo "1460"]
[BlackRD "127"]
[GameID "128855"]

1. e4 d6 2. d4 Nf6 3. Nc3 g6 4. Bg5 h6 5. Bf4 c6 6. Qd2 b5 7. Bd3 Nbd7 8. Nf3 Nb6 9. O-O g5 10. Be3 b4
11. Ne2 a5 12. e5 g4 13. Nh4 Nfd5 14. Be4 Nc4 15. Qc1 Ba6 16. Bxd5 cxd5 17. exd6 Qxd6 18. Bf4 Qe6 19. Re1 Rg8 20. Ng3 Qf6
21. Nhf5 e6 22. b3 Na3 23. Be5 Qg6 24. Ne3 Rc8 25. c4 dxc4 26. bxc4 Bxc4 27. Qd1 Bb5 28. Rc1 Rc6 29. Rxc6 Bxc6 30. Qc1 Bd7
31. Qc7 f6 32. Qb8+ Kf7 33. Bf4 Qd3 34. Qc7 Qb5 35. Ne4 e5 36. Bxh6 Qc6 37. Qxc6 Bxc6 38. Bxf8 Bxe4 39. Bc5 Bb1 40. Nc4 Nxc4
41. Rxb1 exd4 42. Rc1 d3 43. Rxc4 d2 44. Rd4 Re8 45. Rd7+ Kg6 46. Be3 Rc8 47. Kf1 Rc1+ 48. Ke2 Re1+ 49. Kxd2 Ra1 50. Kc2 Rxa2+
51. Kb3 Ra3+ 52. Kb2 Kf5 53. Rd4 Rc3 54. Rf4+ Kg5 55. Rc4+ Kf5 56. Rxc3 bxc3+ 57. Kxc3 Ke4 58. Kb3 f5 59. h4 f4 60. h5 fxe3
61. fxe3 Kxe3 62. h6 Kf2 63. h7 Kxg2 64. h8=Q g3 65. Qa8+ Kh2 66. Qxa5 g2 67. Qe5+ Kh1 68. Qh5+ Kg1 69. Kc2 Kf2 70. Qf5+ Kg3
71. Qg5+ Kf2 72. Qf4+ Kg1 73. Kd3 Kh1 74. Qh4+ Kg1 75. Ke3
1-0

[Event "2008 Standard Chess Dropout Tournament, Round 1"]
[Site "SchemingMind.com"]
[Date "2007.11.16"]
[Round "1"]
[White "time_pressure"]
[Black "dmichael"]
[Result "0-1"]
[WhiteCountry "USA"]
[BlackCountry "USA"]
[WhiteElo "2247"]
[WhiteRD "75"]
[BlackElo "2428"]
[BlackRD "75"]
[GameID "128856"]

1. e4 e6 2. d4 d5 3. e5 c5 4. Nf3 cxd4 5. Qxd4 Nc6 6. Qe3 Nge7 7. Bd3 Ng6 8. O-O Be7 9. a3 O-O 10. Nbd2 f6
11. Bxg6 hxg6 12. exf6 gxf6 13. Rd1 e5 14. Ne4 Rf7 15. Ng3 Be6 16. Qh6 Rg7 17. c4 d4 18. b3 a5 19. Rb1 a4 20. bxa4 Qd7
21. c5 Rxa4 22. Re1 Bxc5 23. Ne4 Be7 24. Qd2 Bd5 25. Rb5 Ra6 26. Qb2 Na7 27. Rb6 Nc8 28. Rxa6 bxa6 29. Nxd4 exd4 30. Qxd4 Qc6
31. Bb2 Bxe4 32. Qxe4 Qxe4 33. Rxe4 Rh7 34. Re6 Rh5 35. Rxa6 Rb5 36. Ra8 Rxb2 37. Rxc8+ Kf7 38. g4 Bxa3 39. h4 Rb4 40. Rc7+ Ke6
41. f3 Rb1+ 42. Kg2 Rb2+ 43. Kg1 f5 44. h5 gxh5 45. gxh5 Bd6 46. Rc6 Rb8 47. Rc4 Rb1+ 48. Kg2 Rb2+ 49. Kg1 Rh2
0-1

[Event "2008 Standard Chess Dropout Tournament, Round 1"]
[Site "SchemingMind.com"]
[Date "2007.11.13"]
[Round "1"]
[White "TONYTODD11"]
[Black "HanadaNo3"]
[Result "0-1"]
[WhiteCountry "ENG"]
[BlackCountry "USA"]
[WhiteElo "1581"]
[WhiteRD "76"]
[BlackElo "2402"]
[BlackRD "75"]
[GameID "128858"]

1. e4 e5 2. f4 exf4 3. Nf3 d5 4. c3 dxe4 5. Qa4+ Nc6 6. Qxe4+ Be6 7. Qxf4 Bd6 8. Qe3 Nge7 9. g3 O-O 10. d4 Nd5
11. Qd3 Qd7 12. Ng5 Bf5 13. Bh3 Qe8+ 14. Qe2 Bxh3 15. Nxh3 Qd7 16. Qh5 Rae8+ 17. Kd1 Nxd4 18. b3 Qc6 19. cxd4 Nb4
0-1

[Event "2008 Standard Chess Dropout Tournament, Round 1"]
[Site "SchemingMind.com"]
[Date "2007.11.16"]
[Round "1"]
[White "Space"]
[Black "Mariazb"]
[Result "0-1"]
[WhiteCountry "SWE"]
[BlackCountry "ARG"]
[WhiteElo "2247"]
[WhiteRD "80"]
[BlackElo "2380"]
[BlackRD "68"]
[GameID "128859"]

1. c4 e5 2. Nc3 Nf6 3. Nf3 Nc6 4. g3 Nd4 5. Bg2 Nxf3+ 6. Bxf3 Bb4 7. Qb3 Bc5 8. O-O O-O 9. d3 c6 10. Bg2 Re8
11. h3 h6 12. Kh2 d6 13. Na4 Bd4 14. e3 Bb6 15. Nxb6 axb6 16. e4 Be6 17. f4 exf4 18. Bxf4 Ra5 19. Bf3 d5 20. Qc3 dxe4
21. dxe4 Qc8 22. g4 Nd7 23. b4 Ra4 24. Bd1 Ra8 25. a3 c5
0-1